000
00314nam a2200121Ia 4500
005
20251222151305.0
008
251222s9999||||xx |||||||||||||| ||spa||
020
_a
9786124273094
082
_a
353.734/A88
245
0
_a
Compendio Nacional de EstadÃsticas de Recursos HÃdricos
250
_a
1ra. ed.
942
_c
LIB
999
_c
23132
_d
23132